000
00264nam a22001217a 4500
020
_a
9789380836157
082
_a
070.4
100
_a
Monita Singh
245
_a
Journalism techniques
260
_a
New Delhi
_b
Centrum press
_c
2010.
300
_a
297p
942
_c
BK
999
_c
2752
_d
2752